000 00453nam a2200181Ia 4500
001 3456
005 20260306145645.0
008 260306t2004||||xx |||||||||||||| ||spa||
041 _aESP
082 _a278.91
_bO48
100 _aOmaechevarria, Ignacio
_eAUT
245 0 _aEscritos de Santa Clara y documentos complementarios
260 _c2004
300 _ax, 469 páginas :
_c20 cm.
650 _aGEN
654 _aCHU
942 _cLIB
_dJUS
_fJUS
_2ddc
_n
999 _c3456
_d3456